Southville International School and Colleges
Your cart is empty.
  • Cart
  • Lists
    Public lists Eva Luna New books Lux_list list_1
    Your lists Log in to create your own lists
  • Log in to your account
  • Your cookies
  • Search history
Southville International School and Colleges
  • Advanced search
  • Recent comments
  • Most popular
  • Libraries

Log in to your account

Log in with GOOGLE


If you do not have an external account, but do have a local account, you can still log in:

  1. Home
  2. MARC view: The power of psychic awareness /
Normal view MARC view ISBD view

The power of psychic awareness / (Record no. 460)

[ view plain ]
MARC details
000 -LEADER
fixed length control field 00829cam a2200289 4500
001 - CONTROL NUMBER
control field 3615022
003 - CONTROL NUMBER IDENTIFIER
control field OSt
005 - DATE AND TIME OF LATEST TRANSACTION
control field 20140310181629.0
008 - FIXED-LENGTH DATA ELEMENTS--GENERAL INFORMATION
fixed length control field 690822s1969 nyu 000 0 eng
010 ## - LIBRARY OF CONGRESS CONTROL NUMBER
LC control number 73076180
040 ## - CATALOGING SOURCE
Original cataloging agency DLC
Transcribing agency DLC
Modifying agency DLC
050 00 - LIBRARY OF CONGRESS CALL NUMBER
Classification number BF 1031
Item number .B877 1969
082 00 - DEWEY DECIMAL CLASSIFICATION NUMBER
Classification number TR 133
Item number B81 1969
100 1# - MAIN ENTRY--PERSONAL NAME
Personal name Brown, Kingdon L.
245 14 - TITLE STATEMENT
Title The power of psychic awareness /
Statement of responsibility, etc [by] Kingdon L. Brown.
260 ## - PUBLICATION, DISTRIBUTION, ETC. (IMPRINT)
Place of publication, distribution, etc West Nyack, N.Y.,
Name of publisher, distributor, etc Parker Pub. Co.
Date of publication, distribution, etc [1969]
300 ## - PHYSICAL DESCRIPTION
Extent 200 p. :
Dimensions 24 cm.
350 ## - PRICE (NR) (BK AM CF MU VM SE) [OBSOLETE]
Price 6.95
520 ## - SUMMARY, ETC.
Summary, etc 1. Parasychology 2. Occultism
521 ## - TARGET AUDIENCE NOTE
Target audience note
541 ## - IMMEDIATE SOURCE OF ACQUISITION NOTE
-- 1
562 ## - COPY AND VERSION IDENTIFICATION NOTE
Number of copies For circulation. 1 copy in the collection
650 #0 - SUBJECT ADDED ENTRY--TOPICAL TERM
Topical term or geographic name as entry element Parapsychology.
650 #0 - SUBJECT ADDED ENTRY--TOPICAL TERM
Topical term or geographic name as entry element Success.
906 ## - LOCAL DATA ELEMENT F, LDF (RLIN)
a 7
b cbc
c orignew
d u
e ncip
f 19
g y-gencatlg
942 ## - ADDED ENTRY ELEMENTS (KOHA)
Source of classification or shelving scheme Library of Congress Classification
Koha item type
Call number prefix
Holdings
Withdrawn status Lost status Source of classification or shelving scheme Damaged status Home library Current library Shelving location Date acquired Total Checkouts Full call number Barcode Date last seen Copy number Price effective from Koha item type
    Library of Congress Classification   Luxembourg Library Luxembourg Library Teachers Reference Section 03/03/2012   BF 1031 .B877 1969 2049 05/25/2015 1 10/03/2013 Books

The power of psychic awareness /

APA

Brown K. L., . (1969). The power of psychic awareness. West Nyack, N.Y: Parker Pub. Co.

Chicago

Brown Kingdon L, . 1969. The power of psychic awareness. West Nyack, N.Y: Parker Pub. Co.

Harvard

Brown K. L., . (1969). The power of psychic awareness. West Nyack, N.Y: Parker Pub. Co.

MLA

Brown Kingdon L, . The power of psychic awareness. West Nyack, N.Y: Parker Pub. Co. 1969.

  • Place hold
  • Print
  • Cite
  • Add to your cart (remove)
  • Save record
    BIBTEX Dublin Core MARCXML MARC (non-Unicode/MARC-8) MARC (Unicode/UTF-8) MARC (Unicode/UTF-8, Standard) MODS (XML) RIS
  • More searches
    Search for this title in:
    Other Libraries (WorldCat) Other Databases (Google Scholar) Online Stores (Bookfinder.com) Open Library (openlibrary.org)

Exporting to Dublin Core...

SOUTHVILLE LIBRARY

Southville International School and Colleges Library

1281 Tropical Ave. Cor. Luxembourg St., BF Homes International, Las Pinas City

Tel. No. 8256374 / 252358 Loc. 117/146

Powered by Koha